00414nam a2200157Ia 45000010006000000050017000060080041000230410008000640820016000721000023000882450085001112600009001963000035002056500008002406540008002481338020260306164757.0260306t2007||||xx |||||||||||||| ||spa|| aESP a003.3bG368 aGould, HarveyeAUT 3aAn introduction to computer simulation methods:bapplication to physical systems c2007 axviii, 796 páginas :c23 cm. aGEN aCCC